Normal view
MARC view
Entry Personal Name
001 - CONTROL NUMBER
- control field: 8080
003 - CONTROL NUMBER IDENTIFIER
- control field: OSt
005 - DATE AND TIME OF LATEST TRANSACTION
- control field: 20211028144345.0
008 - FIXED-LENGTH DATA ELEMENTS
- fixed length control field: 211028|| aca||aabn | a|a d
040 ## - CATALOGING SOURCE
- Original cataloging agency: OSt
- Transcribing agency: OSt
100 ## - HEADING--PERSONAL NAME
- Personal name: Kumar H B, Manoj; Thomas, Babu.
- Miscellaneous information: 1716102
670 ## - SOURCE DATA FOUND
- Source citation: Work cat.: (OSt): Kumar H B, Manoj; Thomas, Babu. 1716102, Study on quality of service delivery in Big Bazar Bejai Mangalore., 2019